| 000 | 00442nam a22001577a 4500 | ||
|---|---|---|---|
| 005 | 20251108163338.0 | ||
| 008 | 250721s1971 xx 000 0 ara d | ||
| 082 | 1 | 4 | _a001.5/عبد |
| 100 | 1 | _aحمزة، عبد اللطيف | |
| 245 | 1 | 0 | _aالإعلام في صدر الإسلام / |
| 264 | 1 |
_aالقاهرة : _bدار الفكر العربي، _c1971. |
|
| 300 | _a374ص. | ||
| 650 | 1 | 7 | _aالإعلام |
| 942 |
_2ddc _cBK |
||
| 999 |
_c330 _d330 |
||